|
|
|
|
| LEADER |
00000cam a2200000 i 4500 |
| 001 |
1/91015 |
| 008 |
080714s2004 gr | ||| |||| ||gre|| |
| 020 |
|
|
|a 9604231197
|
| 035 |
|
|
|l 10098960
|
| 040 |
|
|
|a GR-MyUa
|b gre
|e AACR2
|
| 041 |
1 |
|
|a gre
|h eng
|
| 082 |
7 |
|
|a 741.6
|2 (22)
|
| 100 |
1 |
|
|a Dabner, David.
|
| 245 |
1 |
0 |
|a Design και layout :
|b δημιουργώντας με γραφικά /
|c David Dabner.
|
| 260 |
|
|
|a Αθήνα :
|b Σαββάλας,
|c c2004.
|
| 300 |
|
|
|a 128 σ. :
|b εικ. (μερ. έγχρ.) ;
|c 23 εκ.
|
| 500 |
|
|
|a Τίτλος πρωτοτύπου: Design and layout : understanding and using graphics.
|
| 500 |
|
|
|a Περιλαμβάνει ευρετήριο.
|
| 650 |
|
0 |
|a Graphic arts.
|
| 650 |
|
0 |
|a Design.
|
| 650 |
|
0 |
|a Layout (Printing)
|
| 852 |
|
|
|a INST
|b LESVOS
|e 20100616
|h 741.6 DAB
|p 005100047841
|q 005100047841
|t BK
|y 0
|
| 852 |
|
|
|a INST
|b LESVOS
|e 20100616
|h 741.6 DAB
|p 005100047842
|q 005100047842
|t BK
|y 0
|
| 852 |
|
|
|a INST
|b LESVOS
|e 20100616
|h 741.6 DAB
|p 005100047843
|q 005100047843
|t BK
|y 0
|
| 852 |
|
|
|a INST
|b LESVOS
|e 20100616
|h 741.6 DAB
|p 005100047844
|q 005100047844
|t BK
|y 0
|
| 852 |
|
|
|a INST
|b SYROS
|e 20080714
|h 741.6 DAB
|p 005500005685
|q 005500005685
|t BK
|y 0
|
| 852 |
|
|
|a INST
|b SYROS
|e 20091113
|h 741.6 DAB
|p 005500008087
|q 005500008087
|t BK
|y 0
|
| 901 |
|
|
|a BIBL5-2009-3
|
| 901 |
|
|
|a BIBL5-2008-2
|
| 901 |
|
|
|a BIBL1-2010-2
|
| 922 |
|
|
|a 5ΕΛΗ
|b 200711
|c ΕΠΕΑΕΚ2/ΤΜΣΠΣ
|d Σ. Πατάκης
|
| 970 |
|
|
|a Κοντού
|b Παρασκευή
|z 14/07/2008
|